[Event "Paul Keres mem (24th)"]
[Site "New Westminster CAN"]
[Date "1999.05.24"]
[Round "7"]
[White "Lane, Travis"]
[Black "Stanford, Mike"]
[Result "1/2-1/2"]
[WhiteElo "1872"]
[BlackElo "1970"]
[PlyCount "51"]
[GameId "2160767911805079"]
[EventDate "1999.05.21"]
[EventType "swiss"]
[EventRounds "7"]
[EventCountry "CAN"]

1. e4 d6 2. d4 g6 3. Nc3 Nf6 4. Be3 Bg7 5. f3 O-O 6. Qd2 e5 7. Bc4 Nc6 8. Nge2 exd4 9. Nxd4 Nd7 10. h4 Nde5 11. Bb3 Na5 12. Bg5 Nxb3 13. axb3 f6 14. Bh6 c6 15. Bxg7 Kxg7 16. h5 g5 17. O-O-O h6 18. Nde2 Nf7 19. f4 Qc7 20. fxg5 fxg5 21. Rhf1 Bg4 22. Qd4+ Ne5 23. Qxd6 Qxd6 24. Rxd6 Bxh5 25. Rxf8 Rxf8 26. Ng3 1/2-1/2

[Event "Paul Keres mem (24th)"]
[Site "New Westminster CAN"]
[Date "1999.05.24"]
[Round "7"]
[White "Martinovsky, Ian"]
[Black "Milicevic, Dragoljub"]
[Result "1/2-1/2"]
[WhiteElo "2220"]
[BlackElo "2314"]
[PlyCount "98"]
[GameId "2160767911805080"]
[EventDate "1999.05.21"]
[EventType "swiss"]
[EventRounds "7"]
[EventCountry "CAN"]

1. e4 d5 2. exd5 Nf6 3. Nc3 Nxd5 4. Bc4 e6 5. Qe2 Be7 6. Nf3 O-O 7. O-O Nxc3 8. bxc3 Nd7 9. d4 b6 10. Re1 Bb7 11. Bf4 Bf6 12. Rad1 Qc8 13. Ne5 Nxe5 14. dxe5 Be7 15. Rd3 Bd5 16. Rh3 g6 17. Ba6 Bb7 18. Bd3 Rd8 19. Qe3 Rd7 20. Bh6 Qd8 21. Rh5 Rxd3 22. cxd3 Qd5 23. Rg5 Bxg5 24. Qxg5 f6 25. exf6 Qxg5 26. Bxg5 Kf7 27. Bf4 c5 28. Be5 Rd8 29. Re3 Ba6 30. d4 Bc4 31. a3 Rd5 32. g4 cxd4 33. cxd4 Rb5 34. Rc3 Rb1+ 35. Kg2 b5 36. a4 a6 37. axb5 axb5 38. Ra3 Bd5+ 39. f3 Rb2+ 40. Kg3 Ra2 41. Rc3 Bc4 42. h4 h6 43. Rc1 Ra3 44. Kf4 Ra6 45. Kg3 Ra3 46. g5 h5 47. Bd6 Ra6 48. Be7 Ra2 49. Kf4 Re2 1/2-1/2

[Event "Paul Keres mem (24th)"]
[Site "New Westminster CAN"]
[Date "1999.05.24"]
[Round "7"]
[White "Moisseev, Dmitri"]
[Black "Pitre, Hanniegn"]
[Result "0-1"]
[WhiteElo "1875"]
[BlackElo "1999"]
[PlyCount "100"]
[GameId "2160767911805081"]
[EventDate "1999.05.21"]
[EventType "swiss"]
[EventRounds "7"]
[EventCountry "CAN"]

1. e4 d5 2. exd5 Nf6 3. c4 e6 4. dxe6 Bxe6 5. Nf3 Nc6 6. d4 Bb4+ 7. Bd2 Qe7 8. Be2 Bxc4 9. a3 Bxe2 10. Qxe2 Bxd2+ 11. Nbxd2 Qxe2+ 12. Kxe2 O-O-O 13. Nb3 Rhe8+ 14. Kd3 Nd5 15. g3 Re6 16. Rae1 Rf6 17. Nbd2 Nde7 18. Re4 Rfd6 19. Nc4 Rd5 20. g4 f5 21. Rf4 g5 22. Nxg5 Rxd4+ 23. Rxd4 Rxd4+ 24. Kc3 Nd5+ 25. Kb3 Rxg4 26. Nf7 a5 27. Nd2 a4+ 28. Kc2 b5 29. Nh6 Rf4 30. f3 Ne5 31. Rg1 Nxf3 32. Rg8+ Kb7 33. Rf8 Nxh2 34. Rf7 Rf2 35. Kd3 f4 36. Rxh7 Nf6 37. Rf7 Nhg4 38. Kc3 Nxh6 39. Rxf6 Ng4 40. Rf7 Ne5 41. Rf5 Re2 42. Rxf4 Re3+ 43. Kc2 c5 44. Nb1 Re2+ 45. Kc3 Rxb2 46. Nd2 Ra2 47. Nb1 Kc6 48. Rf6+ Kd5 49. Rb6 Rb2 50. Nd2 Rxd2 0-1

[Event "Paul Keres mem (24th)"]
[Site "New Westminster CAN"]
[Date "1999.05.24"]
[Round "7"]
[White "Monteith, Donald"]
[Black "Small, Hugh"]
[Result "1-0"]
[WhiteElo "1905"]
[BlackElo "1734"]
[PlyCount "89"]
[GameId "2160767911805082"]
[EventDate "1999.05.21"]
[EventType "swiss"]
[EventRounds "7"]
[EventCountry "CAN"]

1. c4 Nf6 2. Nc3 g6 3. d4 Bg7 4. e4 d6 5. f3 Nc6 6. Be3 e5 7. d5 Ne7 8. Bd3 a6 9. Nge2 Bd7 10. b4 c6 11. a4 O-O 12. a5 cxd5 13. cxd5 Rc8 14. Rc1 Qe8 15. O-O Bb5 16. Nxb5 Rxc1 17. Qxc1 axb5 18. Nc3 Qc8 19. Nxb5 Qxc1 20. Rxc1 Ne8 21. Bb6 f5 22. Nc7 Nf6 23. Ne6 Rc8 24. Rxc8+ Nxc8 25. Bd8 fxe4 26. fxe4 Kf7 27. a6 bxa6 28. Bxa6 Ne7 29. Nxg7 Nxe4 30. Bxe7 Kxe7 31. Ne6 Kd7 32. Bb5+ Kc8 33. Bc6 Kb8 34. Kf1 Ka7 35. Ke2 Kb6 36. Ke3 Nf6 37. h3 h6 38. Nf8 g5 39. Nd7+ Nxd7 40. Bxd7 Kc7 41. Bc6 Kb6 42. g4 Kc7 43. Ke4 Kb6 44. Kf5 Ka6 45. Ba4 1-0

[Event "Paul Keres mem (24th)"]
[Site "New Westminster CAN"]
[Date "1999.05.24"]
[Round "7"]
[White "Niksic, John"]
[Black "Sommerfeld, Gilbert"]
[Result "0-1"]
[WhiteElo "2170"]
[BlackElo "2277"]
[PlyCount "66"]
[GameId "2160767911805083"]
[EventDate "1999.05.21"]
[EventType "swiss"]
[EventRounds "7"]
[EventCountry "CAN"]

1. d4 Nf6 2. Nf3 e6 3. c4 b6 4. g3 Ba6 5. Qc2 Bb4+ 6. Bd2 Qe7 7. Bg2 Bb7 8. O-O Be4 9. Qb3 Nc6 10. Ne5 Bxg2 11. Nxc6 Bxc6 12. Bxb4 d6 13. f3 O-O 14. e4 e5 15. d5 Bd7 16. Bd2 h6 17. Nc3 Nh7 18. g4 Ng5 19. Qc2 h5 20. Qd1 hxg4 21. fxg4 Nh3+ 22. Kg2 Qh4 23. Be1 Qxg4+ 24. Qxg4 Bxg4 25. Bd2 g5 26. b4 Nf4+ 27. Kg3 Bd7 28. a4 Kg7 29. Nb5 a6 30. Nc3 Rh8 31. Rh1 Rh3+ 32. Kf2 Rah8 33. Bxf4 exf4 0-1

[Event "Paul Keres mem (24th)"]
[Site "New Westminster CAN"]
[Date "1999.05.24"]
[Round "7"]
[White "Orlov, Georgi"]
[Black "Zuk, Robert"]
[Result "1-0"]
[WhiteElo "2495"]
[BlackElo "2305"]
[PlyCount "117"]
[GameId "2160767911805084"]
[EventDate "1999.05.21"]
[EventType "swiss"]
[EventRounds "7"]
[EventCountry "CAN"]
[SourceTitle "EXT 2000"]
[Source "ChessBase"]
[SourceDate "1999.11.18"]
[SourceVersion "1"]
[SourceVersionDate "1999.11.18"]
[SourceQuality "1"]

1. d4 d5 2. c4 c6 3. Nf3 Nf6 4. Qc2 g6 5. Bf4 Bg7 6. e3 O-O 7. Nc3 dxc4 8. Bxc4 Nbd7 9. O-O Nb6 10. Bb3 Nbd5 11. Nxd5 Nxd5 12. Bg3 Bg4 13. Ne5 Be6 14. e4 Nc7 15. Rfd1 Rc8 16. Qd3 Bxb3 17. Qxb3 Nb5 18. d5 Qa5 19. dxc6 bxc6 20. Rac1 c5 21. h4 Nd4 22. Qc4 Bxe5 23. Bxe5 Ne6 24. Rd7 Rfe8 25. h5 Qb6 26. Rcd1 Red8 27. hxg6 hxg6 28. Qa4 Nf8 29. Bc7 Rxd7 30. Bxb6 Rxd1+ 31. Qxd1 axb6 32. Qa4 Rd8 33. Qb3 Rd6 34. e5 Re6 35. f4 g5 36. Qg3 f6 37. Qg4 fxe5 38. Qxg5+ Kf7 39. Qh5+ Kg7 40. Qg5+ Kf7 41. Qf5+ Kg7 42. fxe5 Rg6 43. Kf2 Ne6 44. Qe4 Nd4 45. b4 Ne6 46. Qb7 Kf7 47. Qxb6 Nf4 48. Qb5 cxb4 49. Qc4+ Ne6 50. Qxb4 Rg5 51. Qe4 Nc5 52. Qd5+ Ne6 53. a4 Rg4 54. a5 Rd4 55. Qb3 Rf4+ 56. Kg3 Rf5 57. a6 Rxe5 58. a7 Rg5+ 59. Kh2 1-0

[Event "Paul Keres mem (24th)"]
[Site "New Westminster CAN"]
[Date "1999.05.24"]
[Round "7"]
[White "Pascuzzi, Anthony"]
[Black "Baunok, Zoltan"]
[Result "1/2-1/2"]
[WhiteElo "2122"]
[BlackElo "2149"]
[PlyCount "61"]
[GameId "2160767911805085"]
[EventDate "1999.05.21"]
[EventType "swiss"]
[EventRounds "7"]
[EventCountry "CAN"]

1. d4 Nf6 2. Nf3 g6 3. Nc3 d5 4. Bf4 Bg7 5. e3 O-O 6. Be2 b6 7. Ne5 Ba6 8. Bf3 c6 9. h4 h5 10. g4 hxg4 11. Bxg4 Nxg4 12. Qxg4 Qc8 13. Qg3 Bxe5 14. Bxe5 Nd7 15. h5 Nxe5 16. dxe5 Qf5 17. O-O-O Kg7 18. hxg6 fxg6 19. Qh4 Kf7 20. Qh7+ Ke6 21. Rh6 Qxe5 22. Rxg6+ Rf6 23. Rg7 Kd6 24. e4 d4 25. Kb1 Rxf2 26. Rg6+ Rf6 27. Rxf6+ Qxf6 28. Qh2+ Kd7 29. e5 Qe6 30. Rxd4+ Kc7 31. Rd1 1/2-1/2

[Event "Paul Keres mem (24th)"]
[Site "New Westminster CAN"]
[Date "1999.05.24"]
[Round "7"]
[White "Pupols, Viktors"]
[Black "Neufahrt, Gerhard"]
[Result "1-0"]
[WhiteElo "2296"]
[BlackElo "2180"]
[PlyCount "223"]
[GameId "2160767911805086"]
[EventDate "1999.05.21"]
[EventType "swiss"]
[EventRounds "7"]
[EventCountry "CAN"]

1. Nf3 g6 2. d4 c6 3. e4 d5 4. exd5 cxd5 5. Bd3 Bg7 6. c3 Nc6 7. O-O Bg4 8. Nbd2 Nh6 9. Re1 O-O 10. h3 Bf5 11. Be2 Rc8 12. Nf1 Be4 13. Ng5 Bf5 14. Ne3 e6 15. g4 f6 16. Nxf5 fxg5 17. Nxg7 Kxg7 18. Be3 Nf7 19. Bf3 Rc7 20. Bg2 Nd6 21. Qe2 Nc4 22. Bc1 Qf6 23. b3 Nd6 24. Ba3 Rd7 25. Rad1 Rff7 26. Rd3 Qd8 27. Re3 Rf6 28. Rf3 Rdf7 29. Rxf6 Rxf6 30. Bc1 h6 31. Be3 Nf7 32. Rd1 Nd6 33. Qd2 Nf7 34. c4 dxc4 35. bxc4 Na5 36. Qc2 Nd6 37. Bf1 Qc7 38. Rc1 Rf3 39. c5 Nf7 40. Bg2 Rf6 41. Qb2 Nc6 42. Rb1 Nfd8 43. Rd1 Qe7 44. Qc2 Qc7 45. Qe2 Qe7 46. Bd2 Kh7 47. Qe3 Nf7 48. Bc3 Rf4 49. Bxc6 bxc6 50. Re1 Nd8 51. Kg2 Qf7 52. Re2 Qd7 53. f3 Qf7 54. Be1 Qd7 55. Rd2 Rf7 56. Rb2 Rf4 57. Bf2 Qd5 58. Rd2 Rf7 59. Rb2 Rb7 60. Rb3 Rxb3 61. Qxb3 Qxb3 62. axb3 Kg7 63. Bg3 Kf7 64. Kf1 Nb7 65. Bc7 Ke7 66. b4 Kd7 67. Be5 a5 68. bxa5 Nxa5 69. Kf2 Ke7 70. Ke2 Nb7 71. Kd3 Nd8 72. Kc4 Nb7 73. Kb4 Kf7 74. Ka4 Ke7 75. Bg7 h5 76. Be5 hxg4 77. hxg4 Kf7 78. Kb4 Ke7 79. Bc7 Kf7 80. Kc4 Ke7 81. Kd3 Kf7 82. Ke4 Kf6 83. Bb8 Kf7 84. Ke5 Ke7 85. Bc7 Kf7 86. f4 gxf4 87. Kxf4 Kf6 88. Be5+ Kf7 89. Ke4 Ke7 90. Bg3 Kf7 91. Ke5 Ke7 92. Bh4+ Kf7 93. Be1 Ke7 94. Bd2 Kf7 95. Kf4 Kf6 96. Be1 Kf7 97. Kg5 Kg7 98. Bg3 Kf7 99. Bc7 Kg7 100. Bb8 Kf7 101. Kh6 Kf6 102. Be5+ Kf7 103. Kh7 Nd8 104. Bc7 Nb7 105. g5 e5 106. Bxe5 Ke6 107. Kxg6 Nxc5 108. dxc5 Kxe5 109. Kf7 Kd5 110. g6 Kxc5 111. g7 Kd4 112. g8=Q 1-0

[Event "Paul Keres mem (24th)"]
[Site "New Westminster CAN"]
[Date "1999.05.24"]
[Round "7"]
[White "Remedios, Russell"]
[Black "Krzyzowski, Ernest"]
[Result "0-1"]
[WhiteElo "2112"]
[BlackElo "1937"]
[PlyCount "150"]
[GameId "2160767911805087"]
[EventDate "1999.05.21"]
[EventType "swiss"]
[EventRounds "7"]
[EventCountry "CAN"]

1. e4 Nf6 2. Nc3 d5 3. exd5 Nxd5 4. Bc4 Nxc3 5. Qf3 e6 6. Qxc3 Nd7 7. d4 Nb6 8. Nf3 Nxc4 9. Qxc4 Be7 10. Bf4 c6 11. O-O O-O 12. Rad1 Qb6 13. b3 Qa5 14. a4 Qd5 15. Qe2 b6 16. c4 Qf5 17. Bg3 Bb7 18. Rd3 Rfe8 19. Rfd1 Bf8 20. Qd2 c5 21. d5 exd5 22. cxd5 Ba6 23. Re3 Rxe3 24. Qxe3 Rd8 25. d6 f6 26. Nh4 Qd7 27. h3 Bc8 28. Qd3 Qe6 29. Nf3 Qf7 30. Nd2 Be6 31. Nc4 g6 32. Qc3 Bg7 33. Bh4 Rd7 34. Qe3 Bf5 35. Rd2 Qe6 36. Qf3 Qe4 37. Qe3 Qxe3 38. Nxe3 Be6 39. Nd5 Bxd5 40. Rxd5 Kf7 41. Bg3 Bf8 42. Kf1 Ke6 43. Rd3 Bxd6 44. Ke2 Bxg3 45. Rxg3 Rd5 46. Ke3 a6 47. Rf3 b5 48. axb5 axb5 49. Ke4 f5+ 50. Kf4 h6 51. Re3+ Kd6 52. Re8 Rd4+ 53. Ke3 Rb4 54. Rd8+ Kc7 55. Rd3 c4 56. bxc4 Rxc4 57. Rd5 Kc6 58. Re5 Kb6 59. Kd3 Rc6 60. g4 fxg4 61. hxg4 g5 62. Re1 b4 63. Rb1 Kb5 64. f3 Ka4 65. Ra1+ Kb3 66. Rb1+ Ka3 67. Ra1+ Kb2 68. Ra5 b3 69. Rb5 Ka2 70. Rb7 b2 71. Ra7+ Kb1 72. Kd2 Rc2+ 73. Kd1 Rc3 74. Rf7 Ka2 75. Kd2 Ra3 0-1

[Event "Paul Keres mem (24th)"]
[Site "New Westminster CAN"]
[Date "1999.05.24"]
[Round "7"]
[White "Stockhausen, Peter"]
[Black "Angelvette, Duane"]
[Result "1-0"]
[WhiteElo "1725"]
[BlackElo "1676"]
[PlyCount "59"]
[GameId "2160767911805088"]
[EventDate "1999.05.21"]
[EventType "swiss"]
[EventRounds "7"]
[EventCountry "CAN"]

1. e4 c5 2. c3 g6 3. d4 cxd4 4. cxd4 Bg7 5. Nf3 d6 6. Bc4 Nc6 7. O-O Bg4 8. Bxf7+ Kf8 9. Be3 Nf6 10. Bc4 Nxe4 11. Nc3 d5 12. Be2 Bf6 13. Nxe4 dxe4 14. Ng5 Bxg5 15. Bxg4 Qd5 16. Qd2 Bf6 17. Rad1 Rd8 18. f3 Kg7 19. Bh6+ Kg8 20. Kh1 Kf7 21. fxe4 Qxe4 22. Rf4 Qd5 23. Bf3 Qd6 24. Qc3 Ke8 25. Qb3 Nxd4 26. Qa4+ b5 27. Qxa7 Kf7 28. Qb7 Qb4 29. Bd5+ Ne6 30. Rxb4 1-0

[Event "Paul Keres mem (24th)"]
[Site "New Westminster CAN"]
[Date "1999.05.24"]
[Round "7"]
[White "Woodward, Greg"]
[Black "Lee, Mau Seng"]
[Result "1/2-1/2"]
[WhiteElo "1958"]
[BlackElo "2033"]
[PlyCount "43"]
[GameId "2160767911805090"]
[EventDate "1999.05.21"]
[EventType "swiss"]
[EventRounds "7"]
[EventCountry "CAN"]

1. d4 Nf6 2. Nf3 g6 3. e3 Bg7 4. Be2 O-O 5. c4 c5 6. O-O cxd4 7. exd4 d5 8. Nc3 dxc4 9. Bxc4 a6 10. Bg5 b5 11. Bd3 Bb7 12. Re1 Nc6 13. Rc1 Qd6 14. Ne4 Nxe4 15. Bxe4 Rfe8 16. Ne5 Rac8 17. Nxc6 Bxc6 18. Bxc6 Rxc6 19. Rxc6 Qxc6 20. Bxe7 Qd7 21. Bc5 Rxe1+ 22. Qxe1 1/2-1/2

[Event "Pere Noel"]
[Site "Montreal CAN"]
[Date "1999.12.26"]
[Round "1"]
[White "Champetier, Serge"]
[Black "Prahov, Valentin"]
[Result "1-0"]
[WhiteElo "1986"]
[BlackElo "2261"]
[PlyCount "145"]
[GameId "2160767911741666"]
[EventDate "1999.12.26"]
[EventType "swiss"]
[EventRounds "5"]
[EventCountry "CAN"]

1. e4 c5 2. Nc3 Nc6 3. f4 g6 4. Nf3 Bg7 5. Bb5 Nd4 6. O-O Nxb5 7. Nxb5 Qb6 8. c4 a6 9. Nc3 e6 10. f5 d6 11. d3 Nf6 12. Qe1 O-O 13. Qh4 exf5 14. Bg5 Ng4 15. Nd5 Qxb2 16. Rab1 Bd4+ 17. Nxd4 Qxd4+ 18. Kh1 f6 19. Ne7+ Kg7 20. Nxc8 Raxc8 21. Rxb7+ Rf7 22. Rxf7+ Kxf7 23. Qxh7+ Kf8 24. Bh6+ Ke8 25. Qxg6+ Kd8 26. Qg8+ Kd7 27. Qh7+ Kc6 28. Qxf5 Rg8 29. Qd5+ Qxd5 30. exd5+ Kd7 31. Bf4 Rb8 32. h3 Ne5 33. Bxe5 fxe5 34. Rf7+ Ke8 35. Ra7 Rb1+ 36. Kh2 Rd1 37. Rxa6 Rxd3 38. Rxd6 Rd4 39. Re6+ Kd7 40. Kg3 Rxc4 41. Rc6 Rc3+ 42. Kg4 Rc2 43. g3 Rxa2 44. Rxc5 Kd6 45. Rb5 Rf2 46. h4 e4 47. h5 e3 48. Rb3 e2 49. Re3 Kxd5 50. h6 Kd4 51. Re8 Kd3 52. h7 Rh2 53. Kf3 Rxh7 54. Rd8+ Kc4 55. Kxe2 Rf7 56. Rd6 Kc5 57. Rd3 Kc4 58. Rd8 Kc5 59. Ke3 Kc6 60. g4 Rf1 61. Ke4 Kc7 62. Rd2 Kc8 63. Ke5 Kc7 64. g5 Rg1 65. Kf6 Rf1+ 66. Kg7 Rg1 67. g6 Rg3 68. Rd5 Kc6 69. Rf5 Kd6 70. Kf7 Ra3 71. g7 Ra7+ 72. Kg6 Ra8 73. Rf8 1-0

[Event "Pere Noel"]
[Site "Montreal CAN"]
[Date "1999.12.26"]
[Round "1"]
[White "Dominique, Vladimir"]
[Black "Laframboise, Marc-Andre"]
[Result "0-1"]
[WhiteElo "1805"]
[BlackElo "2030"]
[PlyCount "82"]
[GameId "2160767911741667"]
[EventDate "1999.12.26"]
[EventType "swiss"]
[EventRounds "5"]
[EventCountry "CAN"]

1. e4 c5 2. Nf3 d6 3. d4 cxd4 4. Nxd4 Nf6 5. Nc3 a6 6. Bc4 e6 7. Bb3 Be7 8. f4 Qc7 9. Be3 b5 10. a3 O-O 11. Qf3 Bb7 12. f5 e5 13. Nde2 Nbd7 14. O-O Nc5 15. Ng3 Nxb3 16. cxb3 Rfd8 17. Rac1 Qd7 18. Nh5 d5 19. Nxf6+ Bxf6 20. Bb6 dxe4 21. Nxe4 Bxe4 22. Qxe4 Qd3 23. Qg4 Rdc8 24. Rcd1 Qxb3 25. Rd6 Rc4 26. Qe2 Rc2 27. Qg4 Kh8 28. Rfd1 h6 29. Rxf6 gxf6 30. Qh4 Kg7 31. Qg4+ Kh7 32. Bd8 Rxd8 33. h3 Rxd1+ 34. Kh2 Rcc1 35. Qf3 Qxf3 36. gxf3 Rg1 37. h4 h5 38. Kh3 Rc2 39. b4 Rgg2 40. a4 Rh2+ 41. Kg3 Rcg2# 0-1

[Event "Pere Noel"]
[Site "Montreal CAN"]
[Date "1999.12.26"]
[Round "1"]
[White "Fillion, Steve"]
[Black "Brodie, Hugh"]
[Result "1-0"]
[WhiteElo "2108"]
[BlackElo "1902"]
[PlyCount "53"]
[GameId "2160767911741668"]
[EventDate "1999.12.26"]
[EventType "swiss"]
[EventRounds "5"]
[EventCountry "CAN"]

1. d4 e6 2. c4 f5 3. g3 Nf6 4. Bg2 d5 5. Nf3 c6 6. O-O Bd6 7. b3 Qe7 8. Bb2 O-O 9. Nbd2 Ne4 10. Ne5 Nd7 11. Nd3 Nxd2 12. Qxd2 dxc4 13. bxc4 e5 14. e3 exd4 15. exd4 Nf6 16. f4 c5 17. d5 b5 18. cxb5 a6 19. Rfe1 Qc7 20. bxa6 Bxa6 21. Ne5 Rab8 22. Nc6 Rb6 23. Be5 Ng4 24. h3 Nh6 25. Bxd6 Qxd6 26. Re6 Qd7 27. Ne7+ 1-0

[Event "Pere Noel"]
[Site "Montreal CAN"]
[Date "1999.12.26"]
[Round "1"]
[White "Larochelle, Martial"]
[Black "Esterez, Emmanuel"]
[Result "1-0"]
[WhiteElo "2177"]
[BlackElo "1950"]
[PlyCount "61"]
[GameId "2160767911741669"]
[EventDate "1999.12.26"]
[EventType "swiss"]
[EventRounds "5"]
[EventCountry "CAN"]

1. c4 e5 2. g3 Nf6 3. Bg2 Nc6 4. Nc3 g6 5. e4 Bg7 6. Nge2 d6 7. O-O O-O 8. f4 Be6 9. Nd5 Nd4 10. Nxd4 exd4 11. Nxf6+ Bxf6 12. d3 Bd7 13. Rb1 a5 14. b3 c5 15. Bd2 Ra7 16. h4 b6 17. h5 g5 18. h6 Kh8 19. Qh5 Be8 20. fxg5 Be5 21. Qh4 f6 22. gxf6 Raf7 23. Bg5 Bxf6 24. Rxf6 Rxf6 25. Rb2 Bg6 26. Rf2 Rxf2 27. Bxd8 R2f7 28. Be7 Ra8 29. Bh3 a4 30. Be6 Rf3 31. Bf6+ 1-0

[Event "Pere Noel"]
[Site "Montreal CAN"]
[Date "1999.12.26"]
[Round "1"]
[White "Marcone, Malcom"]
[Black "Reddy, Tyler"]
[Result "0-1"]
[WhiteElo "1910"]
[BlackElo "2119"]
[PlyCount "92"]
[GameId "2160767911741670"]
[EventDate "1999.12.26"]
[EventType "swiss"]
[EventRounds "5"]
[EventCountry "CAN"]

1. Nf3 Nf6 2. d4 d5 3. Bf4 g6 4. e3 Bg7 5. c4 c6 6. Nc3 O-O 7. h3 Nbd7 8. cxd5 cxd5 9. Qb3 Nb6 10. a4 a5 11. Bd3 Bf5 12. Bxf5 gxf5 13. O-O Ne4 14. Nxe4 fxe4 15. Nd2 e6 16. Rac1 Nd7 17. Bc7 Qe7 18. Qxb7 Nf6 19. Qb5 Rfc8 20. Bxa5 Rcb8 21. Bb6 Bf8 22. a5 Qb4 23. Qxb4 Bxb4 24. Nb3 Bxa5 25. Bxa5 Rxb3 26. Bc3 Rb6 27. Ra1 Rba6 28. Rxa6 Rxa6 29. Rc1 Nd7 30. Bb4 Nb6 31. Kh2 Nc4 32. b3 Nb2 33. Rc8+ Kg7 34. Bf8+ Kg6 35. Rb8 Nd3 36. Kg3 Ra2 37. b4 Rxf2 38. b5 Rd2 39. b6 Ne1 40. h4 Rxg2+ 41. Kh3 h5 42. Bb4 Re2 43. Rf8 Rxe3+ 44. Kh2 Nf3+ 45. Kh1 Rb3 46. Bc5 Rb2 0-1

[Event "Pere Noel"]
[Site "Montreal CAN"]
[Date "1999.12.26"]
[Round "1"]
[White "Mikanovic, Goran"]
[Black "Deschamps, Felix"]
[Result "1-0"]
[WhiteElo "2314"]
[BlackElo "2000"]
[PlyCount "63"]
[GameId "2160767911741671"]
[EventDate "1999.12.26"]
[EventType "swiss"]
[EventRounds "5"]
[EventCountry "CAN"]

1. d4 d5 2. c4 e6 3. Nc3 c5 4. cxd5 exd5 5. Nf3 Nc6 6. g3 Nf6 7. Bg2 Be7 8. O-O O-O 9. Bg5 c4 10. Ne5 Be6 11. e3 h6 12. Bxf6 Bxf6 13. f4 Bxe5 14. fxe5 Qg5 15. Rf4 Nb4 16. Qd2 Nd3 17. Nxd5 Qd8 18. Nc3 Nxf4 19. gxf4 Qd7 20. e4 Bg4 21. f5 Qe7 22. h3 Bh5 23. f6 Qe6 24. Nd5 Rad8 25. fxg7 Kxg7 26. Rf1 Bg6 27. Rf6 Qe8 28. h4 h5 29. Qg5 Rxd5 30. exd5 b5 31. e6 Qd8 32. Rxf7+ 1-0

[Event "Pere Noel"]
[Site "Montreal CAN"]
[Date "1999.12.26"]
[Round "1"]
[White "Neacsu, Catalin"]
[Black "Bachand-Fleurent, Julien"]
[Result "1-0"]
[WhiteElo "2035"]
[BlackElo "1863"]
[PlyCount "48"]
[GameId "2160767911741672"]
[EventDate "1999.12.26"]
[EventType "swiss"]
[EventRounds "5"]
[EventCountry "CAN"]

1. e4 e6 2. d4 d5 3. Nc3 Bb4 4. e5 c5 5. Bd2 Nc6 6. Nf3 Bxc3 7. Bxc3 Qe7 8. Bb5 Bd7 9. a4 f6 10. dxc5 Qxc5 11. O-O fxe5 12. Nxe5 Nf6 13. Re1 Rf8 14. Bxc6 bxc6 15. Qd2 Rb8 16. Bd4 Qe7 17. Bxa7 Rb4 18. f3 c5 19. Nd3 Rd4 20. c3 Rxd3 21. Qxd3 Kf7 22. Qe3 Rc8 23. a5 Bb5 24. Bb6 Ba6 1-0

[Event "Pere Noel"]
[Site "Montreal CAN"]
[Date "1999.12.26"]
[Round "1"]
[White "Plante, Michel"]
[Black "Moss, Laurent"]
[Result "1/2-1/2"]
[WhiteElo "1865"]
[BlackElo "2087"]
[PlyCount "144"]
[GameId "2160767911741673"]
[EventDate "1999.12.26"]
[EventType "swiss"]
[EventRounds "5"]
[EventCountry "CAN"]

1. d4 Nf6 2. Nf3 c5 3. e3 g6 4. c3 cxd4 5. exd4 Bg7 6. Bd3 d5 7. Ne5 O-O 8. O-O Nc6 9. f4 Qc7 10. Qe2 Nd7 11. Nxc6 Qxc6 12. Qxe7 Nf6 13. Qb4 Bd7 14. Nd2 Rfe8 15. Nf3 Qc7 16. Ne5 Re6 17. Qb3 Rae8 18. Qd1 Qb6 19. Kh1 Bc6 20. b3 Nd7 21. Bd2 Nxe5 22. fxe5 Bb5 23. Qf3 Bxd3 24. Qxd3 f6 25. exf6 Bxf6 26. Qf3 Qd6 27. Bf4 Qd7 28. Bh6 Bg7 29. Bd2 Re2 30. Rad1 Qe6 31. h3 Rf8 32. Qd3 Rxf1+ 33. Rxf1 Qe4 34. Rf3 Bf8 35. Kg1 Bd6 36. Kf1 Qxd3 37. Rxd3 Re4 38. Re3 Rf4+ 39. Ke2 Rf7 40. Re6 Bg3 41. Be1 Bc7 42. c4 Rd7 43. Kd3 Kf7 44. Re3 Bb6 45. c5 Bd8 46. b4 Bf6 47. Bg3 Bg5 48. Re1 Rd8 49. Bd6 Bf6 50. Be5 Be7 51. a4 Rc8 52. Bg3 Bf6 53. Be5 Be7 54. b5 Bg5 55. Bd6 Bf6 56. g3 h6 57. Rf1 Ke6 58. Re1+ Kd7 59. Be5 Bd8 60. Bf4 g5 61. Be5 Be7 62. Bg7 Rg8 63. Bxh6 Rg6 64. c6+ bxc6 65. bxc6+ Rxc6 66. Bg7 Rc4 67. Ra1 Bb4 68. Be5 Rc3+ 69. Ke2 Bd6 70. Kd2 Bb4 71. Ke2 Bd6 72. Kd2 Bb4 1/2-1/2

[Event "Pere Noel"]
[Site "Montreal CAN"]
[Date "1999.12.26"]
[Round "1"]
[White "Regnier, Alain"]
[Black "Newman, Doug"]
[Result "1-0"]
[WhiteElo "2124"]
[BlackElo "1914"]
[PlyCount "77"]
[GameId "2160767911741674"]
[EventDate "1999.12.26"]
[EventType "swiss"]
[EventRounds "5"]
[EventCountry "CAN"]

1. d4 Nf6 2. c4 e6 3. Nf3 d5 4. Bg5 Nbd7 5. Nc3 Bb4 6. e3 h6 7. Bh4 c6 8. a3 Bxc3+ 9. bxc3 Qa5 10. Qb3 Ne4 11. Rc1 O-O 12. Bd3 dxc4 13. Bxc4 Re8 14. Bd3 Nef6 15. O-O Nd5 16. c4 Ne7 17. Bg3 Nf5 18. Bf4 Nf8 19. g4 Ne7 20. Bd6 Qd8 21. c5 f6 22. Nh4 g5 23. Nf5 Nxf5 24. gxf5 Kg7 25. e4 exf5 26. exf5 b5 27. Rce1 Bd7 28. d5 Qa5 29. Be4 Rac8 30. dxc6 Bxc6 31. Qf3 Bxe4 32. Rxe4 Rxe4 33. Qxe4 Qd8 34. Re1 Qd7 35. Qd5 Rc7 36. Re7+ Qxe7 37. Bxe7 Rxe7 38. c6 a6 39. Qd6 1-0

[Event "Pere Noel"]
[Site "Montreal CAN"]
[Date "1999.12.26"]
[Round "1"]
[White "Roussel-Roozmon, Thomas"]
[Black "Pnevmonidis, Pantelis"]
[Result "1/2-1/2"]
[WhiteElo "1925"]
[BlackElo "2152"]
[PlyCount "45"]
[GameId "2160767911741675"]
[EventDate "1999.12.26"]
[EventType "swiss"]
[EventRounds "5"]
[EventCountry "CAN"]

1. d4 Nf6 2. c4 e6 3. Nc3 Bb4 4. Nf3 O-O 5. g3 c5 6. Bg2 cxd4 7. Nxd4 d5 8. cxd5 Nxd5 9. Qb3 Nc6 10. Nxc6 bxc6 11. O-O Rb8 12. e4 Nxc3 13. bxc3 Bd6 14. Qa4 Qc7 15. Be3 c5 16. Rab1 Rb6 17. Rfd1 Ba6 18. f4 Be2 19. Re1 Ra6 20. Qc2 Bc4 21. e5 Be7 22. Rb7 Qd8 23. a4 1/2-1/2

[Event "Pere Noel"]
[Site "Montreal CAN"]
[Date "1999.12.26"]
[Round "1"]
[White "Soudre, Nicolas"]
[Black "Mongeau, Diane"]
[Result "1-0"]
[WhiteElo "2219"]
[BlackElo "1863"]
[PlyCount "63"]
[GameId "2160767911741676"]
[EventDate "1999.12.26"]
[EventType "swiss"]
[EventRounds "5"]
[EventCountry "CAN"]

1. e4 c5 2. Nc3 g6 3. f4 Bg7 4. Nf3 Nc6 5. Bb5 e6 6. Bxc6 dxc6 7. e5 f5 8. exf6 Nxf6 9. d3 O-O 10. O-O Ng4 11. Qe2 Qc7 12. Ne4 b6 13. h3 Nh6 14. c3 Bd7 15. Ne5 Nf5 16. g4 Ne7 17. Bd2 Rad8 18. c4 Nc8 19. Bc3 Nd6 20. Rae1 Nxe4 21. Qxe4 Bc8 22. Re3 b5 23. b3 b4 24. Ba1 g5 25. Ref3 gxf4 26. Rxf4 Rxf4 27. Rxf4 Rf8 28. Rxf8+ Kxf8 29. Qe3 Qd6 30. Qf4+ Kg8 31. Qf7+ Kh8 32. Ng6+ 1-0

[Event "Pere Noel"]
[Site "Montreal CAN"]
[Date "1999.12.26"]
[Round "1"]
[White "Trottier, Yves"]
[Black "Gagnon, Michel"]
[Result "0-1"]
[WhiteElo "1960"]
[BlackElo "2186"]
[PlyCount "66"]
[GameId "2160767911741677"]
[EventDate "1999.12.26"]
[EventType "swiss"]
[EventRounds "5"]
[EventCountry "CAN"]

1. e4 Nf6 2. e5 Nd5 3. c4 Nb6 4. c5 Nd5 5. Nc3 Nxc3 6. dxc3 g6 7. Bf4 Bg7 8. Bc4 O-O 9. h4 Nc6 10. Qe2 d6 11. O-O-O Nxe5 12. Bb3 Bf5 13. h5 Qc8 14. f3 Be6 15. Bc2 a5 16. hxg6 fxg6 17. g3 Rf7 18. Qh2 Bf6 19. Ne2 Bxa2 20. Bxe5 dxe5 21. Be4 Bb3 22. Bd5 Bxd5 23. Rxd5 e6 24. Rdd1 Qe8 25. f4 Qc6 26. fxe5 Bxe5 27. Nd4 Bxd4 28. Rxd4 Qxc5 29. Rh4 Rf2 30. Qg1 Qe3+ 31. Kb1 Qd2 32. Qc1 Qxc1+ 33. Kxc1 Rf7 0-1